UEFA Champions League 2022-23 Round of 16 Starting XI - Statistics

General Stats
  • This quiz has been taken 2,795 times
  • The average score is 108 of 176
Answer Stats
Team Player % Correct
Paris Saint-Germain Achraf Hakimi
92%
Paris Saint-Germain Gianluigi Donnarumma
92%
Tottenham Hotspur Son Heung-min
92%
Tottenham Hotspur Harry Kane
91%
Paris Saint-Germain Lionel Messi
91%
Paris Saint-Germain Neymar
91%
Bayern Munich Yann Sommer
91%
Manchester City Bernardo Silva
90%
Napoli Kim Min-jae
90%
Manchester City Rúben Dias
90%
Chelsea Thiago Silva
90%
Liverpool Alisson
89%
RB Leipzig André Silva
89%
Manchester City Erling Haaland
89%
Paris Saint-Germain Marquinhos
89%
Liverpool Mohamed Salah
89%
Benfica Rafa Silva
89%
Real Madrid Thibaut Courtois
89%
Benfica António Silva
88%
Liverpool Darwin Núñez
88%
Manchester City Ederson
88%
Real Madrid Karim Benzema
88%
Real Madrid Luka Modrić
88%
AC Milan Rafael Leão
88%
Real Madrid Vinicius Júnior
88%
Liverpool Virgil van Dijk
88%
Liverpool Andrew Robertson
87%
Real Madrid Antonio Rüdiger
87%
Real Madrid David Alaba
87%
Chelsea Kepa Arrizabalaga
87%
Manchester City Riyad Mahrez
87%
Real Madrid Rodrygo
87%
Liverpool Trent Alexander-Arnold
87%
Real Madrid Dani Carvajal
86%
Real Madrid Federico Valverde
86%
Manchester City İlkay Gündoğan
86%
Paris Saint-Germain Marco Verratti
86%
Manchester City Rodri
86%
Inter Milan André Onana
85%
Real Madrid Éder Militão
85%
Manchester City Kyle Walker
85%
Manchester City Manuel Akanji
85%
AC Milan Olivier Giroud
85%
Liverpool Cody Gakpo
84%
Bayern Munich Dayot Upamecano
84%
Inter Milan Edin Džeko
84%
Real Madrid Eduardo Camavinga
84%
Liverpool Fabinho
84%
Bayern Munich Joshua Kimmich
84%
Chelsea Kai Havertz
84%
Inter Milan Lautaro Martínez
84%
Bayern Munich Leroy Sané
84%
Bayern Munich Matthijs de Ligt
84%
Manchester City Nathan Aké
84%
Tottenham Hotspur Dejan Kulusevski
83%
Liverpool Jordan Henderson
83%
Chelsea Mykhailo Mudryk
83%
Napoli Victor Osimhen
83%
Chelsea Enzo Fernández
82%
Manchester City Jack Grealish
82%
Tottenham Hotspur Cristian Romero
81%
Benfica Gonçalo Ramos
81%
Paris Saint-Germain Sergio Ramos
81%
AC Milan Theo Hernández
81%
Bayern Munich Eric Maxim Choupo-Moting
80%
Chelsea Hakim Ziyech
80%
Borussia Dortmund Jude Bellingham
80%
Napoli Khvicha Kvaratskhelia
80%
Chelsea Reece James
80%
Bayern Munich Benjamin Pavard
79%
Liverpool Joe Gomez
79%
Chelsea Kalidou Koulibaly
79%
Bayern Munich Leon Goretzka
79%
Paris Saint-Germain Nuno Mendes
79%
Borussia Dortmund Emre Can
77%
Bayern Munich Kingsley Coman
76%
Inter Milan Nicolò Barella
76%
Borussia Dortmund Gregor Kobel
75%
Inter Milan Hakan Çalhanoğlu
75%
Borussia Dortmund Sébastien Haller
75%
AC Milan Simon Kjær
75%
Chelsea Ben Chilwell
74%
Inter Milan Milan Škriniar
73%
Borussia Dortmund Raphaël Guerreiro
73%
Inter Milan Alessandro Bastoni
72%
Inter Milan Henrikh Mkhitaryan
71%
Napoli Hirving Lozano
71%
Napoli Piotr Zieliński
70%
Porto Mehdi Taremi
69%
Borussia Dortmund Niklas Süle
68%
Bayern Munich Jamal Musiala
67%
Tottenham Hotspur Eric Dier
66%
Napoli Andre-Frank Zambo Anguissa
65%
AC Milan Brahim Díaz
65%
Tottenham Hotspur Ivan Perišić
65%
Eintracht Frankfurt Kevin Trapp
65%
Napoli Giovanni Di Lorenzo
64%
Tottenham Hotspur Emerson
63%
AC Milan Sandro Tonali
62%
Napoli Alex Meret
61%
Inter Milan Federico Dimarco
61%
Napoli Stanislav Lobotka
60%
Porto Diogo Costa
58%
RB Leipzig Dominik Szoboszlai
58%
Paris Saint-Germain Danilo Pereira
57%
Chelsea João Félix
57%
Borussia Dortmund Nico Schlotterbeck
57%
RB Leipzig Willi Orban
57%
AC Milan Pierre Kalulu
56%
Bayern Munich João Cancelo
55%
RB Leipzig Joško Gvardiol
55%
Borussia Dortmund Karim Adeyemi
54%
Tottenham Hotspur Pape Matar Sarr
54%
Porto Pepe
54%
Porto Pepê
54%
Benfica Nicolás Otamendi
53%
Eintracht Frankfurt Randal Kolo Muani
53%
RB Leipzig Konrad Laimer
52%
RB Leipzig Emil Forsberg
51%
Inter Milan Francesco Acerbi
51%
Borussia Dortmund Julian Brandt
50%
Paris Saint-Germain Carlos Soler
49%
AC Milan Ciprian Tătărușanu
49%
Inter Milan Matteo Darmian
48%
RB Leipzig Timo Werner
48%
Tottenham Hotspur Fraser Forster
46%
Benfica Odisseas Vlachodimos
46%
Eintracht Frankfurt Daichi Kamada
45%
AC Milan Malick Thiaw
45%
Club Brugge Simon Mignolet
45%
Napoli Amir Rrahmani
43%
AC Milan Rade Krunić
43%
Paris Saint-Germain Warren Zaire-Emery
43%
Tottenham Hotspur Clément Lenglet
42%
Borussia Dortmund Salih Özcan
41%
Benfica Álex Grimaldo
40%
Tottenham Hotspur Oliver Skipp
38%
RB Leipzig Lukas Klostermann
36%
Benfica | Porto João Mário
35%
Napoli Mathías Olivera
35%
Liverpool Stefan Bajcetic
33%
AC Milan Alexis Saelemaekers
31%
Eintracht Frankfurt Mario Götze
30%
Chelsea Ruben Loftus-Cheek
29%
Benfica Alexander Bah
27%
Borussia Dortmund Marius Wolf
27%
Porto Otávio
27%
Eintracht Frankfurt Djibril Sow
26%
Porto Mateus Uribe
26%
RB Leipzig Xaver Schlager
24%
Club Brugge Clinton Mata
23%
Eintracht Frankfurt Jesper Lindstrøm
23%
Club Brugge Noa Lang
23%
RB Leipzig Marcel Halstenberg
22%
Club Brugge Tajon Buchanan
22%
Porto Marko Grujić
21%
Eintracht Frankfurt Obite N'Dicka
21%
Club Brugge Hans Vanaken
20%
Eintracht Frankfurt Tuta
20%
Benfica Fredrik Aursnes
18%
Porto Galeno
18%
Porto Iván Marcano
18%
Porto Zaidu Sanusi
18%
RB Leipzig Janis Blaswich
15%
Eintracht Frankfurt Aurélio Buta
13%
Benfica Florentino Luís
11%
Eintracht Frankfurt Kristijan Jakić
8%
Eintracht Frankfurt Philipp Max
8%
Club Brugge Brandon Mechele
7%
Club Brugge Jack Hendry
7%
Club Brugge Raphael Onyedika
6%
Club Brugge Bjorn Meijer
5%
Club Brugge Denis Odoi
5%
Benfica Chiquinho
4%
Club Brugge Kamal Sowah
3%
No matching quizzes found
Score Distribution
Percent of People with Each Score
Percentile by Number Answered
Your Score History
You have not taken this quiz